[Event "C.to Provinciale LI"]
[Site "Livorno ITA"]
[Date "2008.01.19"]
[Round "4"]
[White "Rinaldi, Francesco Saverio"]
[Black "Bartoli, Fabio"]
[Result "1-0"]
[WhiteElo "2181"]
[BlackElo "1845"]
[PlyCount "125"]
[EventDate "2008.01.12"]

1. d4 d5 2. Nf3 Nf6 3. e3 Bg4 4. c4 c6 5. cxd5 Bxf3 6. Qxf3 Qxd5 7. Qd1 e6 8.
Nc3 Bb4 9. Bd2 Qd8 10. Be2 Nbd7 11. O-O O-O 12. Qb3 c5 13. Bf3 Rb8 14. a3 Ba5
15. Rfd1 Qb6 16. Qa4 e5 17. Nd5 Nxd5 18. Bxa5 Qc6 19. Qc4 N5b6 20. Qc2 Qb5 21.
Bc3 exd4 22. exd4 c4 23. Re1 Nd5 24. a4 Qc6 25. Qf5 N7f6 26. Re5 Rbd8 27. Rae1
Qd7 28. Qc2 Rfe8 29. Bd2 Nc7 30. Rxe8+ Ncxe8 31. Qxc4 Qxd4 32. Qxd4 Rxd4 33.
Bc3 Rxa4 34. Bxb7 Rc4 35. Ra1 h6 36. h3 Rc7 37. Rxa7 Nd6 38. Ra8+ Nfe8 39. Bf3
Kh7 40. Kh2 Rc8 41. Ra5 Nc4 42. Be4+ g6 43. Ra8 Rxa8 44. Bxa8 Nc7 45. Bc6 f5
46. b3 Na3 47. Be5 Nab5 48. Kg3 g5 49. Kf3 Na7 50. Bd7 Nab5 51. Bxf5+ Kg8 52.
Ke4 Kf7 53. Bd7 Ke7 54. Bxb5 Nxb5 55. Kd5 Kd7 56. g4 Na3 57. Bg7 Nb1 58. Bxh6
Nc3+ 59. Kc4 Nd1 60. f4 gxf4 61. Bxf4 Nf2 62. Be3 Nxh3 63. Kd5 1-0

[Event "C.to Provinciale LI"]
[Site "Livorno ITA"]
[Date "2008.01.20"]
[Round "5"]
[White "Franceschi, Riccardo"]
[Black "Rinaldi, Francesco Saverio"]
[Result "0-1"]
[WhiteElo "2190"]
[BlackElo "2181"]
[PlyCount "88"]
[EventDate "2008.01.12"]

1. e4 e6 2. d4 a6 3. Nf3 b5 4. Be3 Bb7 5. Nbd2 Nf6 6. Bd3 d6 7. O-O c5 8. c3
Nc6 9. Qe2 cxd4 10. cxd4 Nb4 11. Bxb5+ axb5 12. Qxb5+ Qd7 13. Qxb4 Nxe4 14.
Nxe4 Bxe4 15. Ng5 Bd5 16. b3 Be7 17. Qd2 O-O 18. Qd3 f5 19. Nh3 Rfc8 20. f3 Ra3
21. Bc1 Ra7 22. Re1 Bf6 23. Nf4 Qb7 24. Bb2 Kf7 25. Qe3 Bg5 26. Bc3 Bxf4 27.
Qxf4 Rxc3 28. Rac1 Rxc1 29. Rxc1 Qb6 30. Qh4 Ra8 31. Qxh7 Qxd4+ 32. Kh1 Rc8 33.
Qh5+ g6 34. Qh7+ Kf6 35. Rf1 Qf2 36. Ra1 Bxf3 37. Qh3 Bd5 38. a4 Qf4 39. Rg1
Kg7 40. Qd3 Rh8 41. Qc3+ e5 42. Qc7+ Kf6 43. Qxd6+ Kg5 44. Qe7+ Kg4 0-1

[Event "C.to Provinciale LI"]
[Site "Livorno ITA"]
[Date "2008.01.20"]
[Round "6"]
[White "Pinto, Antonio"]
[Black "Codenotti, Marco"]
[Result "0-1"]
[WhiteElo "1995"]
[BlackElo "1992"]
[PlyCount "58"]
[EventDate "2008.01.12"]

1. Nf3 Nf6 2. d4 g6 3. c4 Bg7 4. Nc3 O-O 5. e4 d6 6. Be2 e5 7. d5 Nbd7 8. Bg5
h6 9. Bh4 a5 10. O-O g5 11. Bg3 Nc5 12. Qc2 Nh5 13. h4 f5 14. hxg5 hxg5 15. Nd2
Nxg3 16. fxg3 f4 17. g4 Rf6 18. b3 Rh6 19. a3 Kf7 20. b4 Qh8 21. Nf3 axb4 22.
Nb5 b3 23. Qb1 Bxg4 24. Nxc7 b2 25. Ra2 Bxf3 26. Bxf3 Rh1+ 27. Kf2 Qh4+ 28. Ke2
Rxf1 29. Qxf1 g4 0-1

[Event "C.to Provinciale AP"]
[Site "Fermo ITA"]
[Date "2008.01.12"]
[Round "1"]
[White "Armandi, Nazzareno"]
[Black "Fioravanti, Emidio"]
[Result "0-1"]
[WhiteElo "1610"]
[BlackElo "2016"]
[PlyCount "84"]
[EventDate "2008.01.12"]

1. d4 Nf6 2. c4 e6 3. Nc3 Bb4 4. Qc2 c5 5. e3 O-O 6. Nf3 b6 7. Be2 Bb7 8. O-O
Bxc3 9. Qxc3 Ne4 10. Qc2 f5 11. Re1 Nc6 12. b3 Nb4 13. Qd1 Nc3 14. Qd2 Nxe2+
15. Qxe2 Bxf3 16. Qxf3 Nc2 17. Bb2 Nxa1 18. Bxa1 d6 19. d5 e5 20. Bc3 Qg5 21.
Qg3 Qxg3 22. hxg3 Rae8 23. a4 g5 24. Rc1 a5 25. Kh2 f4 26. gxf4 gxf4 27. Bd2
Rf5 28. Re1 Rh5+ 29. Kg1 f3 30. gxf3 Kf7 31. Kf1 Rh1+ 32. Ke2 Rxe1+ 33. Kxe1
Rg8 34. e4 Rg1+ 35. Ke2 h5 36. f4 h4 37. Be3 h3 38. f3 h2 39. fxe5 Rg2+ 40. Kd3
h1=Q 41. exd6 Qb1+ 42. Kc3 Qc2# 0-1

[Event "C.to Provinciale AP"]
[Site "Fermo ITA"]
[Date "2008.01.12"]
[Round "1"]
[White "Balzano, Aldo"]
[Black "Bruno, Fabio"]
[Result "0-1"]
[WhiteElo "1779"]
[BlackElo "2457"]
[PlyCount "66"]
[EventDate "2008.01.12"]

1. d4 d5 2. c4 e6 3. Nc3 c6 4. Nf3 Nf6 5. e3 a6 6. c5 b6 7. Na4 bxc5 8. Nxc5
Bxc5 9. dxc5 Qa5+ 10. Bd2 Qxc5 11. Rc1 Qd6 12. Qa4 a5 13. Bxa5 Nbd7 14. Qxc6
Qxc6 15. Rxc6 Bb7 16. Rc7 Rxa5 17. Rxb7 Rxa2 18. Be2 O-O 19. O-O Nc5 20. Rb4
Nfe4 21. Rd1 Na4 22. Rb1 g6 23. Bb5 Nac5 24. Bf1 Rfa8 25. h3 Ra1 26. Rxa1 Rxa1
27. Rb8+ Kg7 28. g4 Nd3 29. Kg2 Ndxf2 30. Nh2 Re1 31. Nf3 Rxe3 32. b4 Nxh3 33.
Be2 Nf4+ 0-1

[Event "C.to Provinciale AP"]
[Site "Fermo ITA"]
[Date "2008.01.12"]
[Round "1"]
[White "Fratini, Mauro"]
[Black "Morelli, Basilio"]
[Result "1-0"]
[WhiteElo "1990"]
[BlackElo "1503"]
[PlyCount "81"]
[EventDate "2008.01.12"]

1. d4 d5 2. Nf3 e6 3. Bf4 Nf6 4. e3 c5 5. c3 Be7 6. Nbd2 Nh5 7. Bg3 Nxg3 8.
hxg3 Nc6 9. Bd3 c4 10. Bc2 g6 11. e4 Qc7 12. Qe2 Bd7 13. exd5 exd5 14. Ng5 Be6
15. Nxe6 fxe6 16. Qxe6 Qd6 17. Bxg6+ Kd8 18. Bf7 Kc7 19. Qxd5 b5 20. Qxd6+ Bxd6
21. O-O Rhf8 22. Bh5 Ne7 23. Rae1 Nd5 24. Ne4 Be7 25. Nc5 Bxc5 26. dxc5 Rad8
27. Bf3 Kc6 28. Re5 Rf7 29. Rd1 Rfd7 30. Bxd5+ Rxd5 31. Rdxd5 Rxd5 32. Rxd5
Kxd5 33. c6 Kxc6 34. Kf1 Kd5 35. Ke2 a5 36. a3 h5 37. f3 Ke5 38. Ke3 a4 39. g4
hxg4 40. fxg4 Kf6 41. Kd4 1-0

[Event "C.to Provinciale AP"]
[Site "Fermo ITA"]
[Date "2008.01.12"]
[Round "1"]
[White "Marinucci, Johnny"]
[Black "Rotoni, Fabrizio"]
[Result "1/2-1/2"]
[WhiteElo "1724"]
[BlackElo "2040"]
[PlyCount "119"]
[EventDate "2008.01.12"]

1. d4 g6 2. Bf4 Bg7 3. e3 d6 4. Nf3 c6 5. c4 Qb6 6. Qb3 Nf6 7. Nc3 Nh5 8. Bg3
Bg4 9. Be2 Nxg3 10. hxg3 Nd7 11. Ne4 c5 12. dxc5 dxc5 13. O-O-O h6 14. Rd2 O-O
15. Rhd1 Nf6 16. Nc3 Be6 17. Ne5 Qc7 18. f4 a6 19. Bf3 Rab8 20. Bd5 Bxd5 21.
Nxd5 Nxd5 22. Rxd5 Bxe5 23. Rxe5 e6 24. g4 Rfd8 25. Rh1 Qd6 26. Qc2 Kg7 27. g5
hxg5 28. Rxg5 Rh8 29. Rd1 Qe7 30. Qc3+ f6 31. Rg4 Rbd8 32. Re1 Kf7 33. e4 Qd7
34. Rg3 Qd4 35. Qc2 Rh4 36. Rf3 Rh2 37. Rff1 Qd3 38. Re2 Rd4 39. Qxd3 Rxd3 40.
Kc2 Rd4 41. Kc3 b5 42. b3 Ke7 43. Rf3 Rh1 44. cxb5 axb5 45. Kc2 Ra1 46. Kb2
Rad1 47. Rff2 Kd6 48. g4 Rg1 49. e5+ fxe5 50. fxe5+ Kd7 51. Rf8 Rgxg4 52. Rd8+
Kc6 53. Rc8+ Kb6 54. Re8 c4 55. Rxe6+ Kc5 56. bxc4 Rxc4 57. a3 Rce4 58. Rxe4
Rxe4 59. Rxg6 Rxe5 60. Rg3 1/2-1/2

[Event "C.to Provinciale AP"]
[Site "Fermo ITA"]
[Date "2008.01.12"]
[Round "1"]
[White "Marozzi, Giovanni"]
[Black "Santarelli, Enrico"]
[Result "1-0"]
[WhiteElo "2037"]
[BlackElo "1659"]
[PlyCount "85"]
[EventDate "2008.01.12"]

1. e4 d6 2. c4 g6 3. d4 Bg7 4. Nf3 Nd7 5. Nc3 e6 6. Bd3 b6 7. O-O Bb7 8. Bg5
Ne7 9. Qd2 h6 10. Be3 a6 11. Rfe1 g5 12. d5 e5 13. Qe2 Ng6 14. g3 Qe7 15. Rec1
g4 16. Nd2 h5 17. b4 Bh6 18. Bxh6 Rxh6 19. Na4 Nf6 20. c5 b5 21. cxd6 cxd6 22.
Nb6 Rb8 23. a4 Qd8 24. axb5 Qxb6 25. bxa6 Ba8 26. b5 Ne7 27. Nc4 Qd8 28. b6 Rg6
29. Qb2 Nd7 30. b7 Nc5 31. Nxe5 Bxb7 32. axb7 dxe5 33. Rxc5 Qd6 34. Qb5+ Kf8
35. Ra8 Kg7 36. Rc1 Qd8 37. Rca1 Rb6 38. Rxb8 Qd6 39. Qe8 Qc7 40. Qd8 Qc5 41.
Rc8 Qd4 42. Qxb6 Qxa1+ 43. Qb1 1-0

[Event "C.to Provinciale AP"]
[Site "Fermo ITA"]
[Date "2008.01.12"]
[Round "1"]
[White "Perogio, Lorenzo"]
[Black "Quondamatteo, Giampiero"]
[Result "1-0"]
[WhiteElo "1886"]
[BlackElo "1467"]
[PlyCount "97"]
[EventDate "2008.01.12"]

1. e4 c5 2. Nc3 Nc6 3. g3 Nf6 4. Bg2 e6 5. Nge2 d5 6. d3 d4 7. Nb1 e5 8. O-O
Be7 9. h3 Be6 10. f4 g6 11. Nd2 b5 12. Nf3 Nd7 13. fxe5 Ndxe5 14. Nf4 Qd7 15.
Nxe6 Qxe6 16. Bf4 Bd6 17. a4 b4 18. b3 h6 19. Nh4 Kd7 20. Qd2 g5 21. Bxe5 Bxe5
22. Nf5 Raf8 23. Rf2 Ne7 24. Raf1 Ng8 25. Qd1 Qg6 26. Qf3 h5 27. Qd1 Nf6 28. a5
a6 29. Qa1 Rb8 30. Bf3 Ne8 31. Kg2 f6 32. Be2 Qf7 33. Qc1 Qe6 34. Rg1 Rb5 35.
Qd1 Qf7 36. Qa1 Ke6 37. Rgf1 Qc7 38. Qd1 Qf7 39. Bg4 hxg4 40. Qxg4 Kd7 41.
Nxd4+ Kd8 42. Nc6+ Kc7 43. Nxe5 Qg7 44. Nc4 Qe7 45. e5 Rf8 46. Qe4 Rb8 47. Nb6
Rd8 48. Nd5+ Rxd5 49. Qxd5 1-0

[Event "C.to Provinciale AP"]
[Site "Fermo ITA"]
[Date "2008.01.12"]
[Round "1"]
[White "Piergentili, Roberto"]
[Black "Rotoni, Matteo"]
[Result "1-0"]
[WhiteElo "1762"]
[BlackElo "2119"]
[PlyCount "89"]
[EventDate "2008.01.12"]

1. d4 d5 2. c4 Nc6 3. cxd5 Qxd5 4. e3 e5 5. Nc3 Bb4 6. Bd2 Bxc3 7. bxc3 Nf6 8.
f3 O-O 9. Bd3 Re8 10. c4 Qd6 11. d5 Ne7 12. e4 c5 13. Ne2 Ng6 14. O-O h5 15.
Bg5 Nh7 16. Be3 Nf6 17. Bg5 Rf8 18. Ng3 Nf4 19. Re1 Nxd3 20. Qxd3 Nh7 21. Bd2
g6 22. f4 h4 23. fxe5 Qxe5 24. Bc3 Qg5 25. Nf1 Bd7 26. Qe3 Qxe3+ 27. Rxe3 f6
28. Rae1 b5 29. Nd2 b4 30. Bb2 Ng5 31. e5 fxe5 32. Rxe5 Rae8 33. Rxe8 Bxe8 34.
Re7 Bf7 35. Nb3 h3 36. Nxc5 hxg2 37. Nd7 Rd8 38. Bf6 Nh3+ 39. Kxg2 Nf4+ 40. Kf3
Nxd5 41. cxd5 Bxd5+ 42. Kf4 Bxa2 43. Kg5 Be6 44. Rg7+ Kh8 45. Kh6 1-0

[Event "C.to Provinciale AP"]
[Site "Fermo ITA"]
[Date "2008.01.12"]
[Round "1"]
[White "Pieroni, Giacinto"]
[Black "Giobbi, Costantino"]
[Result "0-1"]
[WhiteElo "1488"]
[BlackElo "1945"]
[PlyCount "58"]
[EventDate "2008.01.12"]

1. Nf3 d5 2. d4 c6 3. e3 Bf5 4. c4 e6 5. Nc3 Nd7 6. cxd5 exd5 7. Be2 Bd6 8. a3
h6 9. b4 Ngf6 10. b5 O-O 11. a4 Qe7 12. h3 Rfe8 13. Qb3 c5 14. Nxd5 Nxd5 15.
Qxd5 Be4 16. Qb3 cxd4 17. Ba3 Nc5 18. Qa2 dxe3 19. O-O exf2+ 20. Rxf2 Bxf3 21.
Bxf3 Qe5 22. g4 Re7 23. h4 Qg3+ 24. Kf1 Qh3+ 25. Kg1 Rae8 26. Bb4 Qxh4 27. Rc1
Qg3+ 28. Kf1 Nd3 29. Bxd6 Re1+ 0-1

[Event "C.to Provinciale AP"]
[Site "Fermo ITA"]
[Date "2008.01.13"]
[Round "2"]
[White "Armandi, Nazzareno"]
[Black "Pieroni, Giacinto"]
[Result "1-0"]
[WhiteElo "1610"]
[BlackElo "1488"]
[PlyCount "107"]
[EventDate "2008.01.12"]

1. d4 e6 2. c4 c5 3. Nf3 Nc6 4. e3 g6 5. Nc3 Bg7 6. Be2 cxd4 7. exd4 Nge7 8.
O-O b6 9. a3 Bb7 10. Bg5 h6 11. Be3 a5 12. Qd2 d6 13. Rfe1 Nf5 14. Nb5 Nxe3 15.
Qxe3 O-O 16. Rad1 Qe7 17. Bd3 Na7 18. a4 Qd7 19. b3 Rfe8 20. Bf1 Nc8 21. d5 Qd8
22. Nfd4 Ne7 23. dxe6 f6 24. Nf3 Nf5 25. Qf4 Kh7 26. Nxd6 Qc7 27. g4 Bxf3 28.
gxf5 Bxd1 29. Rxd1 g5 30. Qg3 Re7 31. Be2 Rd8 32. Bh5 Kg8 33. Kg2 Qc6+ 34. Bf3
Qc7 35. Nb5 Qxg3+ 36. hxg3 Rxd1 37. Bxd1 Re8 38. Bf3 Kf8 39. Bd5 Ke7 40. Nc7
Rh8 41. Na8 Rxa8 42. Bxa8 Bf8 43. Kf3 Kd6 44. Ke3 h5 45. f4 gxf4+ 46. Kxf4 Kc5
47. g4 hxg4 48. Kxg4 Kb4 49. Bc6 Kxb3 50. Bb5 Kb4 51. Kh5 Kc5 52. Kg6 Kd6 53.
Kxf6 Be7+ 54. Kf7 1-0

[Event "C.to Provinciale AP"]
[Site "Fermo ITA"]
[Date "2008.01.13"]
[Round "2"]
[White "Balzano, Filli"]
[Black "Marinucci, Johnny"]
[Result "0-1"]
[WhiteElo "1509"]
[BlackElo "1724"]
[PlyCount "116"]
[EventDate "2008.01.12"]

1. e4 Nf6 2. e5 Nd5 3. d4 d6 4. exd6 cxd6 5. Nf3 Bf5 6. Bc4 Nf6 7. Bb3 e6 8.
O-O Be7 9. h3 d5 10. Be3 h6 11. Nbd2 O-O 12. c3 Nbd7 13. Re1 b5 14. Bc2 Bxc2
15. Qxc2 Qc7 16. Rac1 Rfc8 17. Nf1 Ne4 18. N1d2 Nxd2 19. Bxd2 Nb6 20. b3 a5 21.
Qd3 Qd7 22. Ne5 Qe8 23. c4 bxc4 24. bxc4 dxc4 25. Nxc4 Qb5 26. Ne5 Qxd3 27.
Nxd3 Nd5 28. Rxc8+ Rxc8 29. Rc1 Rxc1+ 30. Nxc1 Ba3 31. Nb3 a4 32. Nc5 Bxc5 33.
dxc5 Kf8 34. Kf1 Ke8 35. Ke2 Kd7 36. Kd3 Kc6 37. Kc4 h5 38. Be1 g6 39. Bd2 e5
40. Be3 f5 41. Bd2 f4 42. f3 Ne3+ 43. Kb4 Nxg2 44. Kxa4 Kxc5 45. Kb3 Nh4 46. a4
Nxf3 47. Bc1 Nd4+ 48. Kc3 Ne2+ 49. Kd2 Nxc1 50. Kxc1 Kb4 51. a5 Kxa5 52. Kd2
Kb4 53. Kd3 Kb3 54. h4 Kb2 55. Kd2 Kb1 56. Kd1 e4 57. Ke2 Kc2 58. Kf2 Kd2 0-1

[Event "C.to Provinciale AP"]
[Site "Fermo ITA"]
[Date "2008.01.13"]
[Round "2"]
[White "Bruno, Fabio"]
[Black "Fratini, Mauro"]
[Result "1-0"]
[WhiteElo "2457"]
[BlackElo "1990"]
[PlyCount "91"]
[EventDate "2008.01.12"]

1. d4 Nf6 2. Nf3 e6 3. c4 d5 4. Nc3 Be7 5. cxd5 exd5 6. Bg5 c6 7. Qc2 O-O 8. e3
Bg4 9. Bd3 Bh5 10. Bxf6 Bxf6 11. Bxh7+ Kh8 12. Bd3 Nd7 13. Rg1 Bg4 14. h3 Bxf3
15. gxf3 Qe7 16. O-O-O Rfd8 17. f4 Nf8 18. Qe2 c5 19. Qh5+ Kg8 20. Nxd5 Rxd5
21. Qxd5 cxd4 22. e4 Qc7+ 23. Kb1 Qxf4 24. Rg4 Qf3 25. Qb3 Ne6 26. Bc4 Qxb3 27.
Bxb3 Nc5 28. Bd5 Re8 29. f3 Kf8 30. Rg2 b6 31. Bc4 g6 32. h4 Ne6 33. Bxe6 Rxe6
34. Kc2 a5 35. Rh1 Re5 36. Kd3 Ke7 37. f4 Rh5 38. e5 Bxh4 39. Rgh2 Bg3 40. Rxh5
gxh5 41. Rxh5 Bxf4 42. Kxd4 Ke6 43. Ke4 Bc1 44. Rh2 f5+ 45. exf6 Kxf6 46. Rc2
1-0

[Event "C.to Provinciale AP"]
[Site "Fermo ITA"]
[Date "2008.01.13"]
[Round "2"]
[White "Fioravanti, Emidio"]
[Black "Perogio, Lorenzo"]
[Result "0-1"]
[WhiteElo "2016"]
[BlackElo "1886"]
[PlyCount "58"]
[EventDate "2008.01.12"]

1. e4 e5 2. Nf3 Nc6 3. Bb5 Nf6 4. Nc3 Nd4 5. Bc4 Bc5 6. d3 c6 7. Bg5 d6 8. h3
Qb6 9. Rb1 Be6 10. O-O Bxc4 11. dxc4 Qb4 12. Nd2 Qb6 13. Na4 Qc7 14. Nxc5 dxc5
15. c3 Ne6 16. Qc2 Nxg5 17. f4 Ne6 18. fxe5 Nd7 19. Nf3 g6 20. Rbd1 O-O-O 21.
Qa4 Kb8 22. b4 Nxe5 23. Nxe5 Qxe5 24. Rb1 Nf4 25. b5 Qxe4 26. Rb2 Ne2+ 27. Rxe2
Qxe2 28. bxc6 Rd2 29. c7+ Kc8 0-1

[Event "C.to Provinciale AP"]
[Site "Fermo ITA"]
[Date "2008.01.13"]
[Round "2"]
[White "Giobbi, Costantino"]
[Black "Foglia, Maurizio"]
[Result "0-1"]
[WhiteElo "1945"]
[BlackElo "2090"]
[PlyCount "102"]
[EventDate "2008.01.12"]

1. e4 Nf6 2. Nc3 d5 3. exd5 Nxd5 4. Bc4 Nb6 5. Bb5+ c6 6. Be2 Bf5 7. Nf3 e6 8.
O-O Be7 9. d3 O-O 10. Be3 Nd5 11. Nxd5 cxd5 12. Nd4 Bg6 13. f4 Nc6 14. Kh1 Nxd4
15. Bxd4 b6 16. Qd2 Rc8 17. c3 f6 18. Bg4 Bf7 19. Rae1 Rc6 20. Re2 f5 21. Bf3
b5 22. Qe3 Bf6 23. Be5 Bxe5 24. Qxe5 Qb8 25. Qxb8 Rxb8 26. g4 b4 27. c4 fxg4
28. Bxg4 dxc4 29. dxc4 b3 30. axb3 Rxb3 31. Rd1 h5 32. Rd8+ Kh7 33. Rf8 Bg8 34.
Bxh5 Rxc4 35. Bg4 Rbb4 36. Rxg8 Rc1+ 37. Kg2 Kxg8 38. Bxe6+ Kf8 39. f5 Rd4 40.
b3 Rcd1 41. Kg3 R1d3+ 42. Kg2 Rd2 43. Rxd2 Rxd2+ 44. Kg3 Ke7 45. h3 Kf6 46. Kf4
Rd4+ 47. Ke3 Rh4 48. Kd3 a5 49. Bc8 Rh8 50. Bb7 Rxh3+ 51. Kc4 Rh4+ 0-1

[Event "C.to Provinciale AP"]
[Site "Fermo ITA"]
[Date "2008.01.13"]
[Round "2"]
[White "Quondamatteo, Giampiero"]
[Black "Santarelli, Enrico"]
[Result "0-1"]
[WhiteElo "1467"]
[BlackElo "1659"]
[PlyCount "60"]
[EventDate "2008.01.12"]

1. d4 g6 2. Nf3 Bg7 3. Bf4 d6 4. e4 Nd7 5. c3 e6 6. Bd3 a6 7. O-O b6 8. Re1 Bb7
9. Qe2 Ne7 10. Nbd2 h6 11. Rac1 g5 12. Bg3 Ng6 13. e5 d5 14. Bxg6 fxg6 15. h3
O-O 16. Qe3 c5 17. Nf1 Rf5 18. N3d2 h5 19. f4 Bh6 20. Nf3 gxf4 21. Qf2 fxg3 22.
Qxg3 Kh7 23. Rcd1 Qe7 24. N1h2 Raf8 25. Re2 a5 26. Nh4 Rg8 27. Nxf5 gxf5 28.
Qd3 Bf4 29. Nf1 Nb8 30. Qb5 Ba6 0-1

[Event "C.to Provinciale AP"]
[Site "Fermo ITA"]
[Date "2008.01.13"]
[Round "2"]
[White "Rotoni, Fabrizio"]
[Black "Piergentili, Roberto"]
[Result "1-0"]
[WhiteElo "2040"]
[BlackElo "1762"]
[PlyCount "59"]
[EventDate "2008.01.12"]

1. e4 c5 2. c3 Nf6 3. e5 Nd5 4. d4 cxd4 5. Nf3 Nc6 6. cxd4 d6 7. Bc4 Nb6 8. Bb5
a6 9. Bxc6+ bxc6 10. Qe2 e6 11. O-O Be7 12. Nc3 a5 13. Rd1 Ba6 14. Qe4 Qc7 15.
Qg4 g6 16. Bg5 O-O-O 17. Bxe7 Qxe7 18. Ne4 dxe5 19. dxe5 Kb8 20. Nd4 Bb7 21.
Rac1 Rc8 22. Nd6 Rc7 23. Qf3 Nd5 24. Qb3 Qd7 25. Nxb7 Rxb7 26. Nxc6+ Ka8 27.
Qa4 Ra7 28. Qb5 Rc8 29. Nxa7 Qxb5 30. Nxb5 1-0

[Event "C.to Provinciale AP"]
[Site "Fermo ITA"]
[Date "2008.01.13"]
[Round "2"]
[White "Rotoni, Matteo"]
[Black "Balzano, Aldo"]
[Result "1-0"]
[WhiteElo "2119"]
[BlackElo "1779"]
[PlyCount "105"]
[EventDate "2008.01.12"]

1. e4 c5 2. c3 d5 3. exd5 Qxd5 4. Na3 a6 5. Nf3 Nc6 6. Be2 Nf6 7. Nc4 Qd8 8. a4
e6 9. a5 Nd5 10. O-O b5 11. axb6 Nxb6 12. Nce5 Nxe5 13. Nxe5 Bb7 14. Bf3 Bd5
15. c4 Bxf3 16. Qxf3 Qc7 17. Re1 Bd6 18. Qc3 O-O 19. Nf3 Be7 20. d3 Bf6 21. Qa5
Qd6 22. Ra3 Nd7 23. Nd2 Rfb8 24. Ne4 Qe7 25. Nxf6+ Qxf6 26. Qc7 Qd8 27. Qg3 Qf6
28. Bd2 Nf8 29. Bc3 Qg6 30. Qf3 Qg5 31. Ra5 Qe7 32. Qg3 Ng6 33. Rxa6 Qd7 34.
Rea1 Qb7 35. Rxa8 Rxa8 36. Rxa8+ Qxa8 37. h4 Qf8 38. h5 Ne7 39. h6 g6 40. Qe5
f6 41. Qxe6+ Qf7 42. Qxf6 Qxf6 43. Bxf6 Nf5 44. Bg5 Kf7 45. Be3 Ke6 46. Bxc5
Nxh6 47. b4 Nf7 48. b5 Nd8 49. Be3 Kd6 50. c5+ Kc7 51. d4 Nb7 52. d5 Kc8 53. b6
1-0

[Event "C.to Provinciale AP"]
[Site "Fermo ITA"]
[Date "2008.01.13"]
[Round "2"]
[White "Santinelli, Michele"]
[Black "Marozzi, Giovanni"]
[Result "0-1"]
[WhiteElo "1565"]
[BlackElo "2037"]
[PlyCount "108"]
[EventDate "2008.01.12"]

1. e4 e6 2. d4 d5 3. e5 c5 4. c3 Nc6 5. Nf3 Qb6 6. Be2 Nh6 7. Nbd2 cxd4 8. cxd4
Nxd4 9. Nxd4 Qxd4 10. Nf3 Bb4+ 11. Kf1 Qxd1+ 12. Bxd1 Bd7 13. Bd2 Bc5 14. b4
Bb6 15. a4 a5 16. b5 Ng4 17. Be1 f6 18. exf6 gxf6 19. h3 Nh6 20. g4 Nf7 21. Bc3
e5 22. Kg2 Rc8 23. Rc1 e4 24. Re1 O-O 25. Nd2 Bd4 26. Nb1 Ne5 27. Be2 Bb6 28.
Nd2 e3 29. fxe3 Bxe3 30. Bxa5 b6 31. Bb4 Rfe8 32. Rxc8 Rxc8 33. Bd1 d4 34. Re2
Be6 35. Bd6 Bd5+ 36. Kg3 Rc1 37. Bb3 Bxb3 38. Nxb3 Rc3 39. Kg2 Rxb3 40. Bc7 Rb1
41. Kg3 d3 42. Ra2 d2 43. Rxd2 Bxd2 44. Bxb6 Ra1 45. Bd8 Nd7 46. b6 Rxa4 47. b7
Rb4 48. Ba5 Rb3+ 49. Kh4 Bxa5 50. b8=Q+ Rxb8 51. g5 fxg5+ 52. Kxg5 Kg7 53. h4
Bd2+ 54. Kh5 Nf6# 0-1

[Event "C.to Provinciale AP"]
[Site "Fermo ITA"]
[Date "2008.01.13"]
[Round "3"]
[White "Cataldi, Cristiano"]
[Black "Balzano, Aldo"]
[Result "1-0"]
[WhiteElo "1742"]
[BlackElo "1779"]
[PlyCount "109"]
[EventDate "2008.01.12"]

1. e4 c5 2. Nf3 d6 3. d4 cxd4 4. Nxd4 Nf6 5. Nc3 a6 6. Be3 e5 7. Nf3 Ng4 8. Bd2
Be7 9. Nd5 Nf6 10. Be3 Nxd5 11. Qxd5 Qc7 12. Qb3 Be6 13. Bb6 Bxb3 14. Bxc7 Bxc2
15. Rc1 Bxe4 16. Bxd6 Nc6 17. Bxe7 Kxe7 18. Ng5 Bg6 19. Be2 Rac8 20. O-O Nd4
21. Rce1 f6 22. Bg4 Rc2 23. Nf3 Nxf3+ 24. Bxf3 Bd3 25. Be4 Bxf1 26. Bxc2 Bb5
27. f4 Kd6 28. fxe5+ fxe5 29. Be4 Bc6 30. Rd1+ Ke6 31. Bxc6 bxc6 32. Kf2 Rb8
33. b3 Rb5 34. Ke3 Rd5 35. Rc1 c5 36. Rc4 Rd4 37. Rxc5 Rd5 38. Rc7 Ra5 39. a4
Kf6 40. Ke4 h5 41. Rd7 g6 42. Rd6+ Kg5 43. Rd5 Rxd5 44. Kxd5 Kf5 45. g3 h4 46.
b4 hxg3 47. hxg3 e4 48. Kd4 Kg4 49. Kxe4 Kxg3 50. b5 axb5 51. axb5 g5 52. b6 g4
53. b7 Kh3 54. b8=Q g3 55. Kf3 1-0

[Event "C.to Provinciale AP"]
[Site "Fermo ITA"]
[Date "2008.01.13"]
[Round "3"]
[White "Foglia, Maurizio"]
[Black "Perogio, Lorenzo"]
[Result "1-0"]
[WhiteElo "2090"]
[BlackElo "1886"]
[PlyCount "77"]
[EventDate "2008.01.12"]

1. d4 d6 2. c4 g6 3. Nc3 Bg7 4. e4 Nf6 5. Nf3 O-O 6. Be2 e5 7. O-O exd4 8. Nxd4
Re8 9. f3 Nh5 10. Re1 Nc6 11. Be3 Be5 12. Nxc6 bxc6 13. g3 Nxg3 14. hxg3 Bxg3
15. Bf1 Bxe1 16. Qxe1 Be6 17. Qf2 a5 18. b3 Qd7 19. Qg3 h5 20. Bg5 Kg7 21. e5
Bf5 22. Bf6+ Kh7 23. Rd1 Qe6 24. f4 Rg8 25. Qg5 Rae8 26. Rd2 Bh3 27. Rh2 Qg4+
28. Qxg4 Bxg4 29. Bg2 Bd7 30. Ne4 Rgf8 31. Bg5 dxe5 32. Nf6+ Kg7 33. Nxd7 Rg8
34. Bf6+ Kh7 35. Bxe5 Rxe5 36. Nxe5 Rd8 37. Bxc6 Kg7 38. Bd5 f6 39. Nc6 1-0

[Event "C.to Provinciale AP"]
[Site "Fermo ITA"]
[Date "2008.01.13"]
[Round "3"]
[White "Fratini, Mauro"]
[Black "Rotoni, Fabrizio"]
[Result "0-1"]
[WhiteElo "1990"]
[BlackElo "2040"]
[PlyCount "46"]
[EventDate "2008.01.12"]

1. d4 d5 2. Nf3 Nf6 3. Bf4 Bf5 4. e3 e6 5. c4 c6 6. Qb3 Qc8 7. Nc3 Nh5 8. Bg3
Nd7 9. cxd5 exd5 10. Rc1 Nxg3 11. hxg3 Nf6 12. Be2 Be7 13. Nd2 Qd7 14. a4 a5
15. Qd1 O-O 16. Nb3 Rfe8 17. Bd3 Bd6 18. O-O Bxd3 19. Qxd3 Qg4 20. Qe2 Qg6 21.
Nd2 Re6 22. Nf3 Ng4 23. Qc2 Qh5 0-1

[Event "C.to Provinciale AP"]
[Site "Fermo ITA"]
[Date "2008.01.13"]
[Round "3"]
[White "Marinucci, Johnny"]
[Black "Rotoni, Matteo"]
[Result "0-1"]
[WhiteElo "1724"]
[BlackElo "2119"]
[PlyCount "44"]
[EventDate "2008.01.12"]

1. d4 d5 2. Bf4 Nc6 3. e3 Bf5 4. c3 e6 5. Nf3 Bd6 6. Ne5 Bxe5 7. dxe5 f6 8. Qa4
a6 9. exf6 Nxf6 10. Bg5 O-O 11. Nd2 Qd6 12. Be2 Kh8 13. Qf4 Qxf4 14. Bxf4 e5
15. Bg3 d4 16. cxd4 exd4 17. exd4 Nxd4 18. Kd1 Rad8 19. Rc1 c6 20. Re1 Ne4 21.
Bh4 Rd7 22. Bd3 Nxd2 0-1

[Event "C.to Provinciale AP"]
[Site "Fermo ITA"]
[Date "2008.01.13"]
[Round "3"]
[White "Marozzi, Giovanni"]
[Black "Bruno, Fabio"]
[Result "0-1"]
[WhiteElo "2037"]
[BlackElo "2457"]
[PlyCount "52"]
[EventDate "2008.01.12"]

1. e4 c5 2. Nf3 e6 3. c4 Nc6 4. Nc3 a6 5. d4 cxd4 6. Nxd4 Qc7 7. Be3 Nf6 8. f3
d6 9. g4 h6 10. Rc1 Ne5 11. Qd2 b6 12. Be2 Bb7 13. O-O g5 14. Rfd1 Nfd7 15. b3
Be7 16. Kg2 Ng6 17. b4 Rc8 18. Nb3 h5 19. Bxg5 hxg4 20. fxg4 d5 21. h3 Bxg5 22.
Qxg5 Nf4+ 23. Kf1 Nxh3 24. Qe3 Qh2 25. Ke1 Nf4 26. Kd2 Ne5 0-1

[Event "C.to Provinciale AP"]
[Site "Fermo ITA"]
[Date "2008.01.13"]
[Round "3"]
[White "Morelli, Basilio"]
[Black "Armandi, Nazzareno"]
[Result "1-0"]
[WhiteElo "1503"]
[BlackElo "1610"]
[PlyCount "83"]
[EventDate "2008.01.12"]

1. d4 e6 2. c4 c5 3. d5 d6 4. Nc3 a6 5. e4 Be7 6. Nf3 Bf6 7. Qc2 Ne7 8. Be2 Nd7
9. Be3 Ne5 10. Nxe5 Bxe5 11. f4 Bf6 12. O-O O-O 13. Rad1 e5 14. fxe5 Bxe5 15.
Bf3 Ng6 16. g3 Bh3 17. Bg2 Qc8 18. Ne2 Rb8 19. Nf4 Nxf4 20. Bxf4 Bd4+ 21. Rxd4
cxd4 22. Bxd6 Bxg2 23. Kxg2 Re8 24. Bxb8 Qxb8 25. Qf2 Qc7 26. Qxd4 Qd6 27. c5
Qd7 28. b3 h6 29. Rf2 f6 30. d6 Kh8 31. Re2 Re5 32. h3 Kh7 33. Rc2 Kg6 34. Rf2
Kf7 35. g4 Kg8 36. Rf5 Re8 37. e5 fxe5 38. Rxe5 Rf8 39. Qd5+ Kh8 40. Re7 Qc6
41. Qxc6 bxc6 42. d7 1-0

[Event "C.to Provinciale AP"]
[Site "Fermo ITA"]
[Date "2008.01.13"]
[Round "3"]
[White "Piergentili, Roberto"]
[Black "Giobbi, Costantino"]
[Result "1/2-1/2"]
[WhiteElo "1762"]
[BlackElo "1945"]
[PlyCount "47"]
[EventDate "2008.01.12"]

1. d4 Nf6 2. c4 e6 3. Nc3 Bb4 4. Qc2 O-O 5. Bg5 h6 6. Bh4 b6 7. f3 d5 8. e3 c5
9. Bd3 Nc6 10. dxc5 d4 11. exd4 Nxd4 12. Qd2 bxc5 13. Nge2 Bb7 14. O-O Nf5 15.
Bf2 Qd7 16. Qc2 Ne7 17. Rad1 Qc7 18. Nb5 Qc6 19. Nd6 Rab8 20. Nxb7 Rxb7 21. Bh4
e5 22. Be1 Bxe1 23. Rfxe1 Qc7 24. b3 1/2-1/2